| 000 | 00612nam a2200193Ia 4500 | ||
|---|---|---|---|
| 999 |
_c13880 _d13880 |
||
| 082 | _aTG.0318 | ||
| 100 | _aGuha, Bansari | ||
| 245 | 0 | _aEvolution of rural settlements in South 24 Parganas | |
| 260 |
_c1996 _bUniversity of Burdwan |
||
| 300 | _a252p. + C D - 34 | ||
| 650 | _aWEST BENGAL - GEOGRAPHY///24 PARGANAS - GEOGRAPHY | ||
| 650 | _aRURAL DEVELOPMENT - WEST BENGAL - 24 PARGANAS | ||
| 650 | _aWEST BENGAL - HISTORY | ||
| 650 | _a24 PARGANAS - GEOGRAPHY | ||
| 650 | _aCOMMUNITY DEVELOPMENT, RURAL//RURAL DEVELOPMENT | ||
| 710 | _aBiswas, Arabinda | ||
| 710 | _aDasgupta, Keya | ||
| 942 |
_cTH _2ddc |
||